000 00638 a2200193 4500
999 _c1661
_d1661
020 _a9780071326025
050 _aHF5667 LOU 2011
100 _aLouwers, Timothy J.
_eauthor
245 _aAuditing and assurance services /
_cTimothy J. Louwers ... [et al]
264 _aNew York :
_bMcGraw-Hill,
_c2011
300 _axxiv, 915p. :
_bill, (col.)
500 _aIncludes bibliographical references and index
650 _aAuditing
700 _aRamsay, Robert J.
_eauthor
700 _aSinason, David H.
_eauthor
700 _aStrawser, Jerry R.
_eauthor
700 _aThibodeau, Jay C.
_eauthor
942 _2lcc
_cBK
_e4th ed.
_h5667
_iLOU
_kHF